[Event "Olympiad-31"]
[Site "Moscow"]
[Date "1994.12.12"]
[Round "11.2"]
[White "Sokolov, Ivan"]
[Black "Portisch, Lajos"]
[Result "0-1"]
[WhiteElo "2625"]
[BlackElo "2610"]
[Annotator "Dautov,R"]
[PlyCount "74"]
[EventDate "1994.12.01"]
[EventType "team-swiss"]
[EventRounds "14"]
[EventCountry "RUS"]
[SourceTitle "CBM 045"]
[Source "ChessBase"]
[SourceDate "1995.04.01"]
[SourceVersion "1"]
[SourceVersionDate "1995.04.01"]
[SourceQuality "1"]
[WhiteTeam "Bosnia&Herzegovina"]
[BlackTeam "Hungary"]
[WhiteTeamCountry "BIH"]
[BlackTeamCountry "HUN"]

1. d4 {Ftacnik} Nf6 2. c4 e6 3. Nc3 Bb4 4. Qc2 c5 5. dxc5 Bxc5 6. Nf3 Qb6 7. e3
Qc7 8. b3 (8. a3) 8... a6 9. Bb2 b6 10. Bd3 Bb7 11. O-O (11. Ne4 Be7 12. Nxf6+
Bxf6 13. Bxf6 gxf6 14. Be4 Ke7 15. Bxb7 Qxb7 {Bareev-Hansen,L/Aosta/1989} 16.
O-O-O $1 $14 {Bareev}) 11... Be7 12. Ne4 d6 (12... Nxe4 {Ftacnik} 13. Bxe4 $14)
13. Nxf6+ gxf6 $5 {N} (13... Bxf6 14. Bxf6 gxf6 15. Be4 d5 16. Bd3 dxc4 17.
Bxc4 Nd7 18. Rac1 Rc8 19. Qb2 Qb8 20. Be2 O-O 21. Qd4 $14 {Yakovich-Gurevich,M/
Moskva op/1992}) 14. Nd4 (14. Be4 d5 (14... Nc6 {Ftacnik} 15. a3 Rg8 16. Bxh7
Rh8 17. Be4 O-O-O $44) 15. Bd3 Nd7 $10) (14. Bxh7 $5 Bxf3 (14... Nd7 $2 15. Be4
O-O-O 16. Bxb7+ Qxb7 17. e4 Nc5 18. Rfe1 $16) 15. gxf3 Qc5 $1 (15... Nc6 16. f4
(16. Be4 $2 d5) 16... Nb4 17. Qb1 Qc5 $44) 16. Rfd1 $1 (16. Be4 $4 Qg5+ 17. Kh1
Qh4 $19) (16. Qe4 Qg5+ 17. Kh1 Qh5 18. Qxa8 Rxh7 19. Qxb8+ Bd8 20. Qxd6 Qxf3+
21. Kg1 Rg7+ 22. Qg3 Rg5 23. Rad1 Bc7 24. Qxg5 fxg5 $17) 16... Qg5+ 17. Kf1 Qg7
18. Be4 Rxh2 19. f4 Ra7 $13) 14... Nd7 15. e4 {/\f4-f5} (15. Bxh7 O-O-O $1 $44
(15... f5 16. Nxe6 Qc6 17. Nc7+ $1 Kd8 18. Nd5 $1 (18. f3 Kxc7 19. Bxh8 Rxh8
20. Bxf5 $14) 18... Rxh7 19. Qxf5 Nf8 20. Bf6 Bxf6 21. Qxf6+ $18) 16. Be4 $4
Bxe4 17. Qxe4 d5 18. Qf4 e5 $19) (15. Be4 $5 {Ftacnik} Nc5 16. Bxb7 Qxb7 17. f3
$14) 15... Rg8 $5 (15... O-O-O 16. f4 (16. b4 $5) 16... Rhg8 17. f5 Nc5 18. b4
(18. Rae1 d5 $1 $13) 18... Nxd3 19. Qxd3 Rg4 20. Rae1 Rdg8 21. Rf2 e5 (21...
Qd7 $5) 22. Nb3 Kb8 23. a4 $14) 16. f3 (16. f4 f5 17. Rf2 fxe4 18. Bxe4 Nf6 (
18... Nc5 {Ftacnik} 19. Bxh7 Rg4 $132) 19. Bxb7 Qxb7 20. Re1 O-O-O 21. Nf5 Ng4
22. Nxe7+ Qxe7 $13) 16... Qc5 (16... O-O-O 17. b4 $14) 17. Qd2 (17. Rf2 $5 {/\}
Qh5 18. f4 Nc5 19. b4 Nxd3 20. Qxd3 O-O-O 21. f5 $14) 17... Qh5 (17... e5 $2
18. b4 Qc7 19. Nf5 $16) 18. Rae1 Bd8 $1 {/\Bc7,/^ h2-b8} 19. f4 Bc7 (19... f5
$2 20. Nxf5 $1 exf5 21. exf5+ Kf8 22. Be4 Bxe4 23. Rxe4 Qh6 24. f6 $40) 20. Be2
$6 (20. Rf2 O-O-O 21. b4 $13) (20. f5 $6 {Ftacnik} d5 $1) 20... Qh6 21. Qd1 (
21. Bf3 $6 d5 (21... Ne5 $5 {Ftacnik}) 22. Bc1 dxc4 23. bxc4 Nc5 $15) 21...
O-O-O (21... Bxe4 $2 {Ftacnik} 22. Bf3 Bxf3 23. Qxf3 $16) 22. Bc1 f5 (22...
Bxe4 $5 23. Bf3 f5 (23... Bxf3 24. Qxf3 $44) 24. Bxe4 fxe4 25. Rxe4 (25. Nc6 f5
26. Nxd8 Qg6 27. Re2 Rxd8 $132) 25... d5 26. cxd5 Nc5 27. Re2 Rxd5 $36) 23. Bf3
Qg7 (23... Qg6 $2 24. exf5 Qxg2+ 25. Bxg2 Rxg2+ 26. Kh1 Rd2+ 27. Nf3 Rxd1 28.
Rxd1 $16) 24. Rf2 (24. exf5 $4 Bxf3 25. Qxf3 Qxd4+ $19) 24... Ne5 $2 (24...
fxe4 $1 25. Bxe4 Bxe4 (25... d5 {Ftacnik} 26. cxd5 Nc5 $40) 26. Rxe4 Nc5 27.
Ree2 d5 28. Nc6 Ne4 29. Rxe4 dxe4 30. Nxd8 Rxd8 $15) 25. fxe5 $1 (25. exf5 $6
Nxf3+ 26. Nxf3 exf5 {/\d5} (26... d5 $40 {Ftacnik})) 25... fxe4 (25... dxe5 26.
exf5 Rxd4 27. Bxb7+ Kxb7 28. Qf3+ Kb8 29. Bb2 $16) 26. Nxe6 $1 (26. Bxe4 {
Ftacnik} Bxe4 27. Rxe4 dxe5 $17) 26... fxe6 27. Bxe4 d5 28. cxd5 Bxe5 29. Qc2+
(29. Bb2 Bxb2 30. Qc2+ Kb8 31. Qxb2 exd5 32. Qxg7 Rxg7 33. Bd3 $10) (29. Be3 $6
{Ftacnik} exd5 30. Bf5+ Kb8 31. Bxb6 Bxh2+ $1 32. Kxh2 Qh6+ 33. Bh3 Qxb6 $13)
29... Kb8 30. dxe6 $1 Rc8 31. Qe2 $4 (31. Qd2 $1 Bxe4 (31... Rgd8 32. Qg5 Bxe4
33. Qxg7 Bxg7 34. Bf4+ Kb7 35. Rxe4 Rd1+ 36. Rf1 Bd4+ 37. Be3 $18) (31... Bd4
32. Qf4+ Be5 (32... Ka7 33. Be3 Be5 34. Qf7 $18) 33. Qxe5+ Qxe5 34. Bf4 $18)
32. Rxe4 Qc7 33. Rc4 Bxh2+ 34. Kh1 $16) (31. Qd2 $1 $16 {Ftacnik}) (31. Qd1 $5
{Ftacnik}) 31... Rxc1 $1 32. Rxc1 (32. Rf7 {Ftacnik} Rxe1+ 33. Qxe1 Bd4+ 34.
Kh1 Qxg2+ $1 35. Bxg2 Bxg2#) 32... Qh6 $19 33. g3 (33. Rff1 {Ftacnik} Bxh2+ 34.
Kf2 Bg3+ 35. Kf3 Qf4#) 33... Qxc1+ 34. Kg2 Qg5 35. Rf7 (35. Bxb7 Bxg3 $1 $19)
35... Bc8 36. Bxh7 Rd8 37. Rf5 Bb7+ (37... Bb7+ 38. Kh3 Qh6+ 39. Rh5 Qxe6+ 40.
g4 (40. Bf5 {Ftacnik} Qf6 $19) 40... Re8 $19) 0-1

[Event "CZE-ch"]
[Site "Zlin"]
[Date "1997.??.??"]
[Round "8"]
[White "Babula, Vlastimil"]
[Black "Cvek, Robert"]
[Result "1/2-1/2"]
[WhiteElo "2535"]
[BlackElo "2340"]
[Annotator "Finkel,A"]
[PlyCount "62"]
[EventDate "1997.06.12"]
[EventType "tourn"]
[EventRounds "11"]
[EventCountry "CZE"]
[EventCategory "10"]
[SourceTitle "CBM 061"]
[Source "ChessBase"]
[SourceDate "1997.11.23"]
[SourceVersion "1"]
[SourceVersionDate "1997.11.23"]
[SourceQuality "1"]

1. d4 Nf6 2. c4 e6 3. Nc3 Bb4 4. Qc2 c5 5. dxc5 Na6 6. a3 Qa5 7. Bd2 Nxc5 8.
Rd1 Bxc3 9. Bxc3 Qa4 10. Qxa4 Nxa4 11. Be5 b6 12. f3 (12. Nf3 $5) 12... d6 $5 {
Very interesting idea.Black temporarily sacrifices a pawn getting the
possibility to develop the pieces on the queenside and at the same time
discoordinating white pieces.} (12... Ba6 13. e4 Rc8 14. b3 Nc5 15. b4 Na4 16.
b5 Bb7 17. Nh3 (17. Bd6 $5 Kd8 18. Nh3 Ne8 19. Bb4 (19. Be5 $6 Ke7 20. Be2 f6
21. Ba1 Nd6 $15 {Achang,A-Holst,A/EU-chJ Denmark 1991/EXT 91ch/0-1 (46)}) 19...
h6 20. Nf4 a5 21. bxa6 Bxa6 22. Nd3 $1 d6 23. e5 $1 {[%cal Gd1d8]} Bxc4 24.
exd6 Bxd3 25. Bxd3 Nf6 26. Ba6 Rc2 27. O-O $16 {Sokolov,I-Dautov,R/Ter Apel
1995;(65)}) 17... d5 $1 18. cxd5 exd5 19. exd5 (19. Nf2 $6 dxe4 20. Bxf6 gxf6
21. Nxe4 Bxe4 22. fxe4 Rg8 $15) 19... Nc3 20. Rc1 Ncxd5 21. Rxc8+ Bxc8 22. Nf4
Nxf4 $11 {Drasko Milan-Grosar Aljosa/It (open), Formia (Italy) 1995 (39)}) (
12... Ke7 $6 13. b3 Nc5 14. Bd6+ Kd8 15. b4 Nb7 16. Bg3 Ke7 17. e4 d6 18. Ne2
$14 {Sokolov,I-Robatsch,K/AUT-chT9495 1995/EXP 45 (48)}) 13. Rxd6 ({Nothing
promises} 13. Bxf6 gxf6 14. b3 Nc5 15. b4 Nb7) 13... Ba6 14. e4 Rc8 15. b3 Nc5
16. b4 Ncd7 17. Bb2 $6 {After this move black does'nt have any problems.The
only chance to fight for advantage was} (17. Bxf6 $5 gxf6 $1 18. b5 Bb7 19. Nh3
Ke7 20. Rd4 Ne5 21. f4 Ng4 22. Be2 {where black has some compensation for a
pawn,but white's chances should be better.}) 17... Bxc4 18. Bxc4 Rxc4 $11 {
In arising endgame white has symbolic advantage and a draw is not far away.}
19. Ne2 Ke7 20. Rd2 Rhc8 21. Kf2 Rc2 22. Rhd1 Rxd2 23. Rxd2 b5 24. Bd4 a6 25.
a4 (25. Ke3 e5 26. Bb2 Nb6 27. Kf2 Nc4 28. Rc2 Rd8 29. Bc1 Rd3 $132) 25... Rc4
26. axb5 axb5 27. Rb2 e5 28. Bc3 Ne8 29. Ra2 Nd6 30. Bd2 Ke6 31. Nc3 Rxb4
1/2-1/2

[Event "RUS-ch Superfinal"]
[Site "Moscow"]
[Date "2005.12.26"]
[Round "7"]
[White "Bareev, Evgeny"]
[Black "Morozevich, Alexander"]
[Result "1-0"]
[WhiteElo "2675"]
[BlackElo "2707"]
[Annotator "Finkel,A"]
[PlyCount "65"]
[EventDate "2005.12.19"]
[EventType "tourn"]
[EventRounds "11"]
[EventCountry "RUS"]
[EventCategory "17"]
[SourceTitle "CBM 111"]
[Source "ChessBase"]
[SourceDate "2006.04.04"]
[SourceVersion "1"]
[SourceVersionDate "2006.04.04"]
[SourceQuality "1"]

1. d4 Nf6 2. c4 e6 3. Nc3 Bb4 4. Qc2 c5 {Most top players prefer 4...0-0, but
the last thing you may accuse Moro is being a conformist!} 5. dxc5 Qc7 6. Nf3
Bxc5 7. g3 a6 8. Bf4 d6 {The fans of the hedgehog formation should probably
follow Chuchelov's foot steps:} (8... Qb6 $5 9. e3 $140 Be7 10. e4 d6 11. Bg2
Nbd7 12. O-O Qc7 13. Qe2 {Chernin,A-Chuchelov,V/Cappelle la Grande,1994}) 9.
Bg2 h6 {A necessary move if Black intends to play...e5 at some point.} (9...
Nbd7 10. O-O O-O 11. Rad1 h6 12. a3 Nh5 13. Bc1 Nhf6 14. b4 Ba7 15. Qd3 $14 {
Bareev,E-Razuvaev,Y/Tilburg 1993}) 10. Rc1 $1 $146 {[%csl Gc2] In some lines
it's very important that the queen is protected.} (10. O-O e5 11. Bd2 Nc6 12.
a3 (12. Nd5 $5) 12... Ne7 13. Rfd1 Be6 14. b3 O-O 15. e3 Rfd8 $11 {Hoang Thanh
Trang-Berkes,F/Budapest 2001}) (10. Rd1 e5 11. Bc1 Be6 12. Nd2 Nc6 13. O-O O-O
14. Qd3 Nb4 15. Qb1 Bd4 $15 {Grigorov,G-Genov,P/Sofia 2004}) 10... Nc6 {
It was safer to play} (10... e5 {right away, since after the move in the game
White gets a chance to spice the things up.}) 11. O-O e5 12. Nd5 {This move is
possible due to the position of the rook on c1.} Nxd5 $2 {Moro is too
optimistic. After the modest, but safe} (12... Qd8 {things are not perfectly
clear} 13. Be3 O-O 14. Rfd1 Bg4 15. Bxc5 dxc5 16. e3 $14) 13. cxd5 exf4 ({After
} 13... Nb4 {White may choose between} 14. Qe4 $5 ({and} 14. Qa4+ Qd7 (14...
Bd7 $2 15. Qxb4) 15. Qxd7+ Bxd7 16. Bxe5 Nxa2 17. Rxc5 (17. Bxg7 Nxc1 18. Bxh8
Nxe2+) 17... dxc5 18. Bxg7 Rh7 19. Bf6 $16 {[%csl Rh7][%cal Ge2e5]}) 14... Nxa2
15. Nxe5 O-O 16. Rxc5 Qxc5 17. Nd3 $16 {[%csl Ra2]}) 14. dxc6 fxg3 15. hxg3
Qxc6 $2 {After this mistake there is no way back.} (15... Qe7 $142 16. b4 Bb6
$16) (15... bxc6 16. b4 Ba7 (16... Bxb4 17. Qe4+ $18) 17. Nd4 O-O 18. Qxc6 Qxc6
19. Nxc6 Kh8 20. Rfd1 $16) 16. b4 $1 $18 {[%csl Rg7][%cal Gc2b2]} Bxb4 (16...
Bb6 17. Qb2 $18) 17. Qb2 Bc5 18. Ng5 $1 Qd7 19. Qxg7 hxg5 (19... Rf8 20. Nh7
Qe7 21. Rxc5 dxc5 22. Nf6+ Kd8 23. Rd1+ Kc7 24. Nd5+ $18) 20. Qxh8+ Ke7 21. Rc4
$1 {[%cal Gc4e4] White keeps on attacking} Qd8 22. Qg7 Be6 23. Rb1 $1 {The
fastest way to victory.} Rb8 (23... b5 24. Qxg5+ Kf8 25. Rxc5 dxc5 26. Qxc5+
$18) 24. Qxg5+ Ke8 25. Bc6+ Kf8 (25... bxc6 26. Rxb8 Qxb8 27. Qg8+ $18) 26.
Qh6+ Ke7 27. Qh4+ Kf8 28. Rxb7 Kg7 29. Rxb8 Qxb8 30. Qg5+ Kf8 31. Qh6+ Kg8 32.
Rh4 Qb2 33. Qg5+ 1-0

[Event "Lee Cup 4th"]
[Site "Beijing"]
[Date "1997.08.30"]
[Round "6"]
[White "Alterman, Boris"]
[Black "Tiviakov, Sergei"]
[Result "1/2-1/2"]
[WhiteElo "2615"]
[BlackElo "2590"]
[Annotator "Finkel,A"]
[PlyCount "43"]
[EventDate "1997.08.23"]
[EventType "swiss"]
[EventRounds "11"]
[EventCountry "CHN"]
[SourceTitle "CBM 061"]
[Source "ChessBase"]
[SourceDate "1997.11.23"]
[SourceVersion "1"]
[SourceVersionDate "1997.11.23"]
[SourceQuality "1"]

1. d4 {Hansen,LB} Nf6 2. c4 e6 3. Nc3 Bb4 4. Qc2 c5 {Hansen: In my opinion
this is not worse than the more common 4.-, 0-0 or 4.-, d5.} 5. dxc5 Bxc5 6.
Nf3 Qb6 {Hansen: Forces White to shut in the blacksquared bishop at the cost
of a tempo.} (6... Nc6 {Hansen,LB}) 7. e3 Qc7 8. b3 (8. a3 $5) 8... b6 {
Hansen: The correct move order. Black has to create counterplay on the h1-a8
diagonal, before White is allowed to play g2-g4-g5.} (8... a6 $6 {Hansen,LB} 9.
g4 $1) 9. Bb2 a6 10. Bd3 Bb7 11. O-O-O (11. Ne4 Be7 (11... Bb4+ $5 12. Ke2 Be7
13. Bxf6 Bxf6 14. Nxf6+ gxf6 15. Be4 Nc6 16. Qb2 Ke7 17. Nd4 Ne5 18. Bxb7 Qxb7
$11 {Korsunsky,R-Goldin,A/Leningrad-chT 1989 (33)}) 12. Nxf6+ (12. Ke2 $5 Nc6
13. a3 h6 14. Rac1 Rc8 15. Rhg1 Nxe4 16. Bxe4 Bf6 17. g4 $5 $13 {[%cal Gh2h4,
Gg4g5] Hansen,L-Stempin,P/Warsaw 1990 (35)}) 12... Bxf6 13. Bxf6 gxf6 14. Be4
Ke7 (14... Nc6 15. Qc3 Ke7 16. O-O-O d6 17. Rd2 h5 18. Rhd1 Rad8 19. Kb2 $14 {
Sjoberg,M-Atalik,S/Borsodtavho 1991 (39)}) 15. Bxb7 Qxb7 16. Ke2 (16. O-O-O $1
$14 {Bareev}) 16... d6 17. Rhd1 Nd7 18. Rd4 Ne5 19. Rad1 Rad8 $11 {
Barejew-Hansen,L/Aosta op/SW,1,17 1990 (33)}) (11. O-O Be7 12. Ne4 Nc6 (12...
d6 13. Nxf6+ Bxf6 14. Bxf6 (14. Nd2 Nd7 15. Rac1 Bxb2 16. Qxb2 Nf6 17. Be2 O-O
18. Bf3 Rac8 $11 {Ruzele,D-Gurevich,M/Bonn GSK-3 Bad Godesburg 1996/1/2-1/2 
(56)}) 14... gxf6 15. Be4 d5 16. Bd3 (16. cxd5 Qxc2 17. Bxc2 Bxd5 $10) 16...
dxc4 17. Bxc4 Nd7 18. Rac1 {/\ Be6} Rc8 (18... Bxf3 {>=} 19. gxf3 O-O 20. Be2
$14 {Gurevich,M}) 19. Qb2 (19. Qe2 $2 Bxf3 {/\ b5-+}) 19... Qb8 (19... Bxf3 $2
20. Bxa6 Rg8 21. g3 $18) 20. Be2 O-O 21. Qd4 $14 {Yakovich-Gurevich,M/Moskva
op/1992}) (12... Nxe4 13. Bxe4 $14) 13. a3 $6 Ng4 $5 14. Rfd1 f5 15. Ng3 h5 16.
b4 O-O-O 17. b5 h4 $1 $40 {Ivanov,S-Yemelin,V/RUS-ch Orel 1992 (25)}) 11... Be7
12. Kb1 d6 13. e4 Nbd7 14. Qe2 Ne5 $1 {A serious improvment comparing to game
Arbakov,V-Makarov,M(1996),Cappelle;where was played} (14... O-O $6 15. Nd4 Rfe8
16. Rhe1 Bf8 17. f3 Ne5 18. Bc2 Ng6 19. g3 $14 {with quiet significient
advantage for white.} (19. g3 {Hansen,LB} Rac8 20. Rc1 Qb8 21. h4 Rc5 22. Na4
Re5 23. f4 Ra5 24. Nf3 b5 25. Qd2 Rxa4 26. bxa4 bxc4 27. Ka1 Qa8 28. Ng5 e5 29.
h5 {Arbakov,V-Makarov,M/Cappelle op 1996/EXP 51/1-0 (51)})) 15. Bc2 (15. Nxe5
$5 dxe5 16. g4 O-O 17. h4 Rfd8 18. h5 Nd7 $13) 15... Nxf3 16. gxf3 (16. Qxf3 $6
O-O 17. Qg3 b5 $1 $36) 16... O-O-O {Hansen: An original concept - it is not
often that you see Black castleing queenside in the 4.Qc2 Nimzo!} 17. f4 {
White has some advantage in space,but black has no weaknesses and his pieces
are harmonically placed so the position is about equal.} Nd7 18. Rd2 (18. Na4
$5 {Hansen,LB}) 18... Kb8 19. Rhd1 Ka7 20. Qh5 g6 21. Qh3 Nf6 22. Ba3 $13 {
[%csl Rd6]} 1/2-1/2

[Event "Olomouc After GP Mladi"]
[Site "Olomouc"]
[Date "1997.??.??"]
[Round "10"]
[White "Stohl, Igor"]
[Black "Berzinsh, Roland"]
[Result "1-0"]
[WhiteElo "2565"]
[BlackElo "2440"]
[Annotator "Finkel,A"]
[PlyCount "55"]
[EventDate "1997.08.05"]
[EventType "tourn"]
[EventRounds "11"]
[EventCountry "CZE"]
[EventCategory "10"]
[SourceTitle "CBM 061"]
[Source "ChessBase"]
[SourceDate "1997.11.23"]
[SourceVersion "1"]
[SourceVersionDate "1997.11.23"]
[SourceQuality "1"]

1. c4 {Hansen, LB} Nf6 2. Nc3 e6 3. d4 Bb4 4. Qc2 c5 5. dxc5 Bxc5 6. Nf3 Qb6 7.
e3 Qc7 8. Bd2 a6 {Hansen,LB: I believe this is an instructive inaccuracy.
Black loses a crucial tempo. Better is 8.-, b6! in order to answer 9. g4 by 9.
-, Bb7.} (8... b6 $5 9. Ne4 Be7 10. Bc3 Bb7 11. Nxf6+ Bxf6 12. Bxf6 gxf6 13.
Be2 Nc6 14. O-O-O Ke7 $5 15. Rd2 Nb4 16. Qb3 $13 {1/2-1/2 Gelfand,B-Tiviakov,S/
Wijk 1996/CBM 51}) (8... O-O 9. Bd3 (9. Ne4 Nxe4 10. Qxe4 f5 $10) 9... Nc6 10.
a3 b6 11. g4 $5 g6 (11... Ne5 $2 12. Nxe5 Qxe5 13. f4 $16) (11... Nxg4 $5 12.
Bxh7+ Kh8 13. Ne4 $13) 12. g5 Nh5 13. Ne4 Bb7 (13... f5 $2 14. gxf6 Nxf6 15.
Nxc5 bxc5 16. Bxg6 $18) (13... Be7 14. Bc3 d5 15. Ng3 $16) 14. O-O-O (14. Bc3
d5 $1 15. cxd5 exd5 16. Ng3 Nxg3 17. hxg3 d4 $1) 14... Ne7 (14... Be7 15. Kb1
$5) 15. Bc3 (15. b4 $5 Bxe4 16. Bxe4 d5 17. cxd5 exd5 18. Bd3 Bd6 19. Qxc7 Bxc7
$14) 15... Rac8 (15... d5 $5 16. cxd5 $5 Nxd5 17. Be5 $14) 16. Ne5 $16 {
Lerner,K-Sokolov,A/USSR (ch) 1989 (34)}) 9. g4 $1 {Hansen,LB: Very energetic!}
(9. Bd3 b6 (9... Be7 10. O-O-O b6 11. Nd4 Bb7 12. f3 Nc6 13. Nxc6 Bxc6 14. e4
d6 $132 {Remlinger,L-Gurevich,D/Chicago opI 1992/TD 92\05 (31)} (14... d6 15.
Kb1 Rc8 16. Rc1 Qb8 17. Be3 Nd7 18. Qf2 O-O 19. Bd4 Ne5 20. Be2 b5 21. cxb5
axb5 22. f4 b4 23. fxe5 dxe5 24. Ba6 exd4 25. Ne2 Bxe4+ 26. Ka1 Rcd8 27. Ng3
Bd5 28. Bc4 Qb7 29. Rhe1 Bg5 30. Bxd5 Qxd5 31. Rc7 Ra8 {1-0 Remlinger,
L-Gurevich,D/Chicago opI 1992/TD 92\05})) 10. Ne4 Be7 11. Bc3 Bb7 12. Nxf6+
Bxf6 13. O-O-O Bxc3 14. Qxc3 O-O $11 {Werner,D-Semkov,S/Chartres op 1990/EXT
90op (36)} (14... O-O {Hansen, LB} 15. Kb1 Nc6 16. h4 Ne7 17. h5 h6 18. Rh4 d6
19. Nd4 Nc6 20. Bc2 Qe7 21. Rg4 Ne5 22. Rg3 Rac8 23. f4 Rxc4 24. Qa3 Qh4 25.
Rh3 Qg4 26. Qxd6 Bxg2 27. Rh2 Be4 28. Rhd2 Rxc2 29. Nxc2 Nc4 30. Qd4 Nxd2+ 31.
Rxd2 Rc8 32. b3 Qf5 33. Qxb6 Rxc2 34. Rxc2 Bxc2+ 35. Kb2 Bd3 36. Kc3 Be2 {
0-1 Werner,D-Semkov,S/Chartres op 1990/EXT 90op})) 9... Be7 $6 {Very passive
continuation giving white a free hand in developing the initiative.Too
dangerous was to play} (9... Nxg4 $6 10. Rg1 {[%cal Gg1g7]} f5 (10... Nxh2 $6
11. Nxh2 Qxh2 12. Rxg7 Qh6 13. Rg3 f5 14. O-O-O $36) 11. h3 Ne5 12. Nxe5 Qxe5
13. Na4 $1 $16 {,but serious attention deserved}) (9... d6 $5 10. g5 Nfd7 11.
Ne4 O-O 12. Bc3 Nc6 13. Rg1 $36 {[%csl Rg8][%cal Gg1g7] with slightly inferior,
but complicated position.}) 10. g5 Ng4 11. h3 Ne5 12. Nxe5 Qxe5 13. Ne4 $1 Nc6
14. c5 $1 $36 (14. Bc3 Bb4 $1 (14... Nb4 $1 $132 {Hansen, LB})) 14... Qc7 15.
Bc3 {White's play is very simple and logical.Black is deprived of counterplay
so white has a time to improve position of his pieces before decisive blow.}
Kf8 (15... O-O 16. Nf6+ Bxf6 17. gxf6 g6 18. Qe4 $1 $16) 16. f4 $36 b6 17. b4
Bb7 18. Bg2 Rg8 $6 {Dubious decision.Better was} (18... bxc5 19. bxc5 h6 20.
Qb2 Rg8 {with difendable position.}) 19. O-O {Hansen,LB: >< Kf8, Rg8} f5 20.
cxb6 Qxb6 21. Nc5 $1 $16 Kf7 (21... Bxc5 {Hansen, LB} 22. bxc5 Qxc5 $2 23.
Bxg7+ $18) 22. Rad1 Nxb4 {Despiration.} 23. Bxb4 Bxg2 24. Nxd7 $1 Qxe3+ (24...
Qxb4 {Hansen, LB} 25. Ne5+ Kf8 26. Qxg2 $18) 25. Kxg2 Rgc8 $2 {Missing white's
reply after which the game is over.But even after Hansen,LB: Loses immediately.
} (25... Bxb4 26. Ne5+ Kf8 27. Qc7 (27. Rf3 $5 {Hansen, LB} Qe4 $8 28. Qxe4
fxe4 29. Re3 $18 {Hansen,LB: >< e4, e6, Kf8, Rg8}) 27... Qe2+ 28. Rf2 Qe4+ 29.
Kh2 Be7 30. Qd7 Qe3 31. Qxe6 $1 {nothing can save black.}) 26. Qd3 $1 $18 Qxd3
27. Ne5+ Ke8 28. Nxd3 1-0

[Event "Schahin Cury"]
[Site "Americana"]
[Date "1997.07.08"]
[Round "1"]
[White "Leitao, Rafael Duailibe"]
[Black "De Toledo, James Mann"]
[Result "1/2-1/2"]
[WhiteElo "2515"]
[BlackElo "2395"]
[Annotator "Finkel,A"]
[PlyCount "93"]
[EventDate "1997.07.08"]
[EventType "tourn"]
[EventRounds "10"]
[EventCountry "BRA"]
[EventCategory "9"]
[SourceTitle "CBM 061"]
[Source "ChessBase"]
[SourceDate "1997.11.23"]
[SourceVersion "1"]
[SourceVersionDate "1997.11.23"]
[SourceQuality "1"]

1. d4 Nf6 2. c4 e6 3. Nc3 Bb4 4. Qc2 c5 5. dxc5 Na6 6. a3 Bxc3+ 7. Qxc3 Nxc5 8.
b4 Na4 9. Qb3 Ne4 (9... Nb6 10. c5 Nbd5 11. f3 $5 b6 12. e4 Ne7 13. cxb6 axb6
14. Bb2 O-O 15. Bb5 d5 $13 {Bareev,E-Christiansen,L/BL9192 1992/BL 90/1/2-1/2 
(70)}) 10. Be3 (10. Nf3 $5 Qf6 11. Rb1 $6 (11. Ra2 Qc3+ $5 12. Qxc3 Nexc3 13.
Rc2 O-O 14. e3 d5 15. cxd5 Nxd5 16. Bc4 $14 {Straschewski Joerg-Zier Ludwig/
Bayern Landesliga North 1995 (36)}) 11... b5 $5 12. cxb5 Nec3 13. Bg5 Qg6 14.
Rc1 Bb7 15. Bd2 (15. Rxc3 $2 Nxc3 16. Qxc3 Bxf3 17. Qxf3 Qb1+ 18. Kd2 Rc8 $19)
15... Bd5 16. Qc2 Qxc2 17. Rxc2 Nxb5 18. Bc1 Bb3 $15 {Olsen,P-Brynell,S/
Politiken Cup 1996/EXP 54 (30)}) 10... b5 $5 {Black sacrifices a pawn aiming
quickly to develop the pieces and to sieze the initiative.A risky decision
taking into consideration the fact that white does'nt have any weaknesses and
his bishops pair can be very strong in open position.} 11. cxb5 Nb6 12. Bd4 $5
{[%cal Gd4g7]} (12. Nf3 Bb7 13. g3 $5 O-O 14. Bg2 Bd5 $1 15. Qd3 Rc8 16. Bd4 f5
$1 $132) 12... Bb7 $6 13. Nf3 $6 {Trusting that black has something in mind,
while after} (13. Bxg7 $1 Qg5 14. Qb2 Nc4 15. Nf3 $1 Qxb5 16. e3 $5 Rg8 17.
Bxc4 Qxc4 18. Rc1 $16 {white is a clear pawn up without any danger.}) 13... Rc8
$6 {Still leaving to white an option to take on g7.} (13... O-O $5 $14) 14. e3
$6 (14. Bxg7 Rg8 15. Bd4 d6 16. Rd1 Qc7 17. g3 $16) 14... d6 $6 15. Be2 $6 {
Loosing the last chance to take on g7!} e5 16. Bxb6 Qxb6 $44 {[%cal Gc8c3,
Ge8g8,Gh8f8,Gf8c8] Controle over the c-file and good position of minor pieces
gives black full compensation for the lack of the pawn.} 17. O-O Rc3 18. Qb2
O-O 19. a4 Rfc8 20. Rfc1 Qc7 21. Rxc3 Qxc3 22. Qxc3 Nxc3 23. Bf1 Kf8 $1 {
Also in the arising endgame black's chances are not worse.Last move of black
is a good profilactic against Nf3-d2-c4,because the pawn on d6 needs
protection.} 24. Nd2 (24. a5 Nd5 25. Rb1 Nc3 26. Ra1 Nd5 $11) 24... Nd5 $6 25.
Nc4 Ke7 26. Rb1 $14 Nc3 27. Rb3 $1 Nxa4 28. Ra3 {[%cal Ga4a7]} Bd5 $8 (28...
Nb6 $2 29. Rxa7 Nxc4 30. Rxb7+ Ke6 31. g3 $18) 29. Nd2 $1 (29. Rxa4 Bxc4 30.
Rxa7+ Ke6 31. b6 Bxf1 32. Kxf1 Rb8 33. b7 Kd5 34. Ke2 Kc6 $11) 29... Rc2 $1 30.
Rxa4 Rxd2 31. Rxa7+ Kd8 $8 (31... Ke6 $2 32. b6 Rb2 33. b5 Rb1 34. Rc7 $1 $18)
32. f3 $6 (32. b6 $1 Rd1 33. Rc7 Be4 34. Rc3 $16) 32... Rb2 $132 33. e4 Be6 34.
Ra8+ Kc7 35. Rh8 Rb1 $11 {[%cal Gb1f1,Gb1b4]} 36. Kf2 Rb2+ 37. Ke3 Rxb4 38.
Rxh7 Rb3+ 39. Kd2 Rb2+ 40. Ke3 Rb3+ 41. Kf2 Rb2+ 42. Kg1 Rb1 43. Kf2 Rb2+ 44.
Kg3 Rb1 45. Bd3 Rb3 46. Bc2 Rb2 47. Ba4 {[47...Rb4 48.b6 R:b6 49.Be8 Rb8!=]}
1/2-1/2